| 000 | 01575cam a22003734a 4500 | ||
|---|---|---|---|
| 001 | 2032 | ||
| 003 | FISK9780439927802H | ||
| 005 | 20240124101223.0 | ||
| 008 | 050727s2006 nyua j 000 0 eng | ||
| 010 | _a 2005021341 | ||
| 020 | _a0439829739 | ||
| 020 | _a9780439927802 | ||
| 040 |
_aDLC _cDLC _dDLC _beng |
||
| 042 | _apcc | ||
| 050 | 0 | 0 |
_aQL737.U57 _bH38 2006 |
| 082 | 0 | 0 |
_a599.63/5139 _222 |
| 100 | 1 | _aHatkoff, Isabella. | |
| 245 | 1 | 0 |
_aOwen & Mzee : _bthe true story of a remarkable friendship / _ctold by Isabella Hatkoff, Craig Hatkoff, and Paula Kahumbu ; photographs by Peter Greste. |
| 260 |
_aNew York : _bScholastic, _c2006. |
||
| 300 |
_a40 unnumbered pages : _bcolor illustrations ; _c25 x 27 cm |
||
| 500 | _a"This book has been adapted from the original e-book, Owen and Mzee, which was first launched on the WNBC New York Five O'Clock News as part of the Tribeca Film Festival"--T.p. verso. | ||
| 505 | _aZ' | ||
| 520 | _aDetails through text and photographs the special bond shared by Owen, an orphaned hippo, and Mzee, a 130-year-old giant tortoise. | ||
| 521 | 8 |
_a920
_bLexile AD |
|
| 521 | 8 |
_aZ'
_bRaz-Plus |
|
| 650 | 0 |
_aHippopotamus _xBehavior _zKenya _vJuvenile literature. |
|
| 650 | 0 |
_aAldabra tortoise _xBehavior _zKenya _vJuvenile literature. |
|
| 650 | 0 |
_aSocial behavior in animals _zKenya _vJuvenile literature. |
|
| 700 | 1 |
_aHatkoff, Craig. _eAuthor |
|
| 700 | 1 |
_aKahumbu, P. _q(Paula) _eAuthor |
|
| 700 | 1 |
_aGreste, Peter, _eillustrator |
|
| 906 |
_a7 _bcbc _corignew _d1 _eecip _f20 _gy-gencatlg |
||
| 942 |
_2ddc _cBK _n0 |
||
| 999 |
_c2032 _d2032 |
||